[Event "RB-2013-0-00217"]
[Site "LSS email"]
[Date "2013.08.26"]
[Round "?"]
[White "Chernenky, Andrian"]
[Black "Linke, Marius"]
[Result "1/2-1/2"]
[WhiteElo "1659"]
[BlackElo "1896"]
[PlyCount "52"]
[EventDate "2013.06.18"]
[EventType "tourn (corr)"]
[EventRounds "6"]
[EventCountry "GER"]
[SourceTitle "Telechess CBM 163"]
[Source "ChessBase"]
[SourceDate "2014.11.11"]
[SourceVersion "2"]
[SourceVersionDate "2014.11.11"]
[SourceQuality "1"]

1. e4 c5 2. c3 e6 3. d4 d5 4. exd5 exd5 5. Nf3 Nc6 6. Bd3 c4 7. Bc2 Bd6 8. b3 cxb3 9. axb3 Nge7 10. Na3 0-0 11. Nb5 Bb8 12. 0-0 a6 13. Re1 Bf5 14. Bxf5 Nxf5 15. Qd3 Nh4 16. g3 Ng6 17. Na3 Re8 18. Rxe8+ Qxe8 19. Nc2 Qd7 20. Ne3 Nce7 21. Ba3 Bd6 22. Bxd6 Qxd6 23. Nf5 Qf6 24. Nxe7+ Nxe7 25. Re1 h6 26. Kg2 Rc8 1/2-1/2

[Event "RB-2013-0-00217"]
[Site "LSS email"]
[Date "2013.08.26"]
[Round "?"]
[White "Chernenky, Andrian"]
[Black "Loginov, Pavel"]
[Result "0-1"]
[WhiteElo "1659"]
[BlackElo "1918"]
[PlyCount "32"]
[EventDate "2013.06.18"]
[EventType "tourn (corr)"]
[EventRounds "6"]
[EventCountry "GER"]
[SourceTitle "Corr 2015"]
[Source "ChessBase"]
[SourceDate "2015.07.17"]
[SourceVersion "1"]
[SourceVersionDate "2015.07.17"]
[SourceQuality "1"]

1. e4 e5 2. Nf3 Nc6 3. Bb5 a6 4. Ba4 Nf6 5. 0-0 Be7 6. Bxc6 dxc6 7. Nc3 Bg4 8. h3 Bh5 9. g4 Nxg4 10. hxg4 Bxg4 11. d3 0-0 12. Kg2 f5 13. Qe1 fxe4 14. Nxe5 Bf3+ 15. Nxf3 exf3+ 16. Kh1 Qd7 0-1

[Event "RB-2013-0-00217"]
[Site "LSS email"]
[Date "2013.08.26"]
[Round "?"]
[White "Wolff, Christoph"]
[Black "Chernenky, Andrian"]
[Result "1/2-1/2"]
[WhiteElo "1875"]
[BlackElo "1659"]
[PlyCount "37"]
[EventDate "2013.06.18"]
[EventType "tourn (corr)"]
[EventRounds "6"]
[EventCountry "GER"]
[SourceTitle "Corr 2015"]
[Source "ChessBase"]
[SourceDate "2015.07.17"]
[SourceVersion "1"]
[SourceVersionDate "2015.07.17"]
[SourceQuality "1"]

1. e4 e5 2. Nc3 Nf6 3. g3 Bb4 4. Bg2 0-0 5. Nge2 Nc6 6. 0-0 d6 7. h3 Bc5 8. Kh2 Bd7 9. Nd5 Nxd5 10. exd5 Nd4 11. Nxd4 Bxd4 12. c3 Bb6 13. a4 a5 14. d3 f5 15. Be3 Ra6 16. b4 axb4 17. cxb4 Bxe3 18. fxe3 Qg5 19. b5 1/2-1/2

[Event "LSS OP-2009-0-00967"]
[Site "LSS email"]
[Date "2009.10.14"]
[Round "?"]
[White "Chernenky, Andrian"]
[Black "Moreira, Jose Americo Paiva"]
[Result "0-1"]
[WhiteElo "1969"]
[BlackElo "2409"]
[PlyCount "26"]
[EventDate "2009.10.10"]
[EventType "tourn (corr)"]
[EventRounds "4"]
[EventCountry "GER"]
[SourceTitle "Corr 2013"]
[Source "ChessBase"]
[SourceDate "2012.11.12"]
[SourceVersion "1"]
[SourceVersionDate "2012.11.12"]
[SourceQuality "1"]

1. d4 Nf6 2. c4 e6 3. Nc3 Bb4 4. Qc2 0-0 5. Bg5 c5 6. e3 h6 7. Bh4 cxd4 8. exd4 Nc6 9. 0-0-0 Bxc3 10. Qxc3 Ne4 11. Qh3 Qa5 12. Bd3 d5 13. Bxe4 dxe4 0-1

[Event "LSS SM-2009-0-00057"]
[Site "LSS email"]
[Date "2009.05.12"]
[Round "?"]
[White "Godat, Terry"]
[Black "Chernenky, Andrian"]
[Result "1-0"]
[WhiteElo "2314"]
[BlackElo "2254"]
[PlyCount "61"]
[EventDate "2009.04.17"]
[EventType "tourn (corr)"]
[EventRounds "6"]
[EventCountry "GER"]
[SourceTitle "Corr 2011"]
[Source "ChessBase"]
[SourceDate "2010.08.31"]
[SourceVersion "1"]
[SourceVersionDate "2010.08.31"]
[SourceQuality "1"]

1. d4 c6 2. c4 d5 3. Nf3 e6 4. Nc3 dxc4 5. a4 Bb4 6. e3 b5 7. Bd2 Qb6 8. Ne4 Be7 9. b3 cxb3 10. Qxb3 Bd7 11. Ne5 Nf6 12. Bd3 a6 13. 0-0 Nxe4 14. Bxe4 Ra7 15. axb5 cxb5 16. Ba5 Qd6 17. Rfc1 0-0 18. Rc3 f5 19. Bf3 g5 20. h3 f4 21. Rac1 fxe3 22. fxe3 Be8 23. Bc7 Rxc7 24. Rxc7 a5 25. Bg4 Kh8 26. Rb7 a4 27. Qxe6 Qxe6 28. Bxe6 Bd6 29. Rc8 Na6 30. Rb6 Bxe5 31. dxe5 1-0